đź“– 150 premiers mots "Messieurs les enfants" Daniel Pennac - Statistiques

Statistiques générales
  • Ce quiz a Ă©tĂ© pris 23 fois
  • Le rĂ©sultat moyen est 81 sur 150
Statistiques - réponses
Mots % Correct
- L'
100%
Il
94%
il
94%
la
94%
le
94%
t-
94%
d'
89%
de
89%
elle,
89%
Et
89%
les
89%
(les
89%
on
89%
enfants
83%
est
83%
n'
83%
pas
83%
Pas
83%
Pas...
83%
qu'
83%
s'
83%
ce
78%
Crastaing
78%
Crastaing,
78%
un
78%
au
72%
avait
72%
du
72%
était
72%
mais
72%
plus
72%
pour
72%
Son
72%
son
72%
- Vous
72%
vous
72%
ces
67%
encore :
67%
ne
67%
ni
67%
ses
67%
sous
67%
sur
67%
ça
61%
petits-
61%
sans
61%
cette
56%
ĂŞtre
56%
fois
50%
fois,
50%
faire
44%
répéter ?
39%
étaient
33%
nos
33%
répétait
33%
Trente
33%
trente
33%
années
28%
ans
28%
- Combien
28%
élèves
28%
faudra-
28%
tard,
28%
appelle
22%
nom
22%
premiers
22%
voix.
22%
coeur
17%
faisait
17%
faites
17%
Pendant
17%
aurait
11%
bureau.
11%
certains
11%
changé :
11%
cartable
6%
copies
6%
exprès ?
6%
exprès.
6%
fallu
6%
jeunesse,
6%
mensonge.
6%
mensonge !
6%
Personne
6%
autour
0%
calcification
0%
chair
0%
cheptel
0%
cinglé
0%
dégringolade
0%
élever
0%
formule
0%
hurlait
0%
imagination,
0%
presse),
0%
réalisme.
0%
regret
0%
renouvelé
0%
vieilli.
0%
vieillir,
0%
vomissait
0%
Aucun quiz correspondant
Distribution des résultats
% des personnes avec chaque résultat
Percentile par nombre de réponses
Votre historique - résultats
Vous n’avez pas pris ce quiz